Sistema de control de velocidad y giro de un motor de corriente continua
Sábháilte in:
| Príomhchruthaitheoir: | |
|---|---|
| Rannpháirtithe: | |
| Formáid: | LEABHAR |
| Teanga: | Spanish |
| Foilsithe / Cruthaithe: |
[San José], Costa Rica
2014
|
| Ábhair: | |
| Clibeanna: |
Cuir clib leis
Níl clibeanna ann, Bí ar an gcéad duine le clib a chur leis an taifead seo!
|
MARC
| LEADER | 00000nam a22000007a 4500 | ||
|---|---|---|---|
| 003 | 012026 | ||
| 005 | 20230627145506.0 | ||
| 008 | 150220b2014 cr a|||| |||| 00| ||spa d | ||
| 040 | |c cru CEDI | ||
| 100 | |9 802 |a Jiménez Gamboa, Mariana, 1987- | ||
| 245 | |a Sistema de control de velocidad y giro de un motor de corriente continua | ||
| 260 | |a [San José], Costa Rica |c 2014 | ||
| 500 | |a Proyecto de graduación (bachillerato en ingeniería eléctrica)-- Universidad de Costa Rica. Facultad de Ingeniería. Escuela de Ingeniería Eléctrica | ||
| 501 | |a Profesor Guía de IE-0499 Proyecto Eléctrico: Ing. Peter Zeledón Méndez | ||
| 650 | |x SISTEMAS DE CONTROL |x MOTORES ELECTRICOS DE CORRIENTE CONTINUA |x ELECTRONICA DE POTENCIA |x CIRCUITOS ELECTRONICOS |9 204 | ||
| 700 | |9 702 |a Zeledón Méndez, Peter Bernal, 1976 |d Director de Proyecto Eléctrico | ||
| 942 | |c CEDI |h TFG 7192 |6 TFG_7192_000000000000000 | ||
| 999 | |c 13587 |d 13587 | ||
